[Event "ACT-ch"]
[Site "Canberra"]
[Date "2017.03.13"]
[Round "7"]
[White "Kiran, Amol"]
[Black "Ninchich, Milan"]
[Result "1-0"]
[WhiteElo "1192"]
[BlackElo "1725"]
[PlyCount "97"]
[EventDate "2017.03.10"]
[EventType "swiss"]
[EventRounds "7"]
[EventCountry "AUS"]
[SourceTitle "EXT 2023"]
[Source "ChessBase"]
[SourceDate "2022.10.05"]
[SourceVersion "1"]
[SourceVersionDate "2022.10.05"]
[SourceQuality "1"]

1. Nf3 Nf6 2. c4 e6 3. Nc3 c6 4. e3 g6 5. b3 Bg7 6. Bb2 0-0 7. Be2 d6 8. h3 e5 9. Qc2 Bf5 10. d3 Qa5 11. g4 Be6 12. g5 Nfd7 13. Nd2 d5 14. h4 Na6 15. a3 Rac8 16. h5 Qd8 17. Nf3 Nc7 18. 0-0-0 Ne8 19. Rdg1 dxc4 20. dxc4 Bf5 21. Bd3 Nc5 22. Bxf5 gxf5 23. Qxf5 Nd3+ 24. Kc2 Nxb2 25. Kxb2 Nd6 26. Qc2 Qe7 27. Ne4 Nxe4 28. Qxe4 Rcd8 29. Kc2 Rd6 30. Rd1 Rfd8 31. Rxd6 Qxd6 32. g6 h6 33. gxf7+ Kxf7 34. Rg1 Kf8 35. Qg6 Qe7 36. Nh4 Qf7 37. Qxf7+ Kxf7 38. Rg6 Bf8 39. Nf3 Bg7 40. Nd2 Re8 41. Ne4 Kf8 42. Nd6 Re7 43. Kd3 Rd7 44. Ke4 Kg8 45. Nf5 Kh7 46. Rxg7+ Rxg7 47. Nxg7 Kxg7 48. Kxe5 Kf7 49. f4 1-0

[Event "ACT-ch"]
[Site "Canberra"]
[Date "2017.03.11"]
[Round "3"]
[White "Yuan, Ziqi"]
[Black "Kiran, Amol"]
[Result "1-0"]
[WhiteElo "1748"]
[BlackElo "1192"]
[PlyCount "37"]
[EventDate "2017.03.10"]
[EventType "swiss"]
[EventRounds "7"]
[EventCountry "AUS"]
[SourceTitle "EXT 2023"]
[Source "ChessBase"]
[SourceDate "2022.10.05"]
[SourceVersion "1"]
[SourceVersionDate "2022.10.05"]
[SourceQuality "1"]

1. e4 c5 2. Nf3 d6 3. d4 cxd4 4. Nxd4 Nf6 5. Nc3 a6 6. Bg5 e6 7. f4 Nc6 8. Nxc6 bxc6 9. e5 h6 10. Bh4 g5 11. fxg5 Nd5 12. Ne4 dxe5 13. c4 Qa5+ 14. Ke2 Nf4+ 15. Kf3 Qb4 16. Nf6+ Ke7 17. gxh6 Qxb2 18. Ng8+ Ke8 19. Qd8# 1-0